| Tag |
First Indicator |
Second Indicator |
Subfields |
| LEADER |
00000cam a2200000 a 4500 |
| 001 |
in00001402648 |
| 005 |
20151020052129.0 |
| 008 |
971104s1997 sz a b 000 0 eng c |
| 035 |
|
|
|a (OCoLC)37889161
|
| 035 |
|
|
|9 AHM2723AM
|
| 040 |
|
|
|a CGU
|c CGU
|d TXA
|d UtOrBLW
|
| 042 |
|
|
|a pcc
|
| 049 |
|
|
|a TXAM
|
| 050 |
|
4 |
|a QC924.5
|b .W67 1996
|
| 090 |
|
|
|a QC851
|b .W164 no. 98
|
| 111 |
2 |
|
|a Workshop on the Implementation of the Arctic Precipitation Data Archive
|d (1996 :
|c Offenbach, Germany)
|
| 245 |
1 |
0 |
|a Proceedings of the Workshop on the Implementation of the Arctic Precipitation Data Archive (APDA) at the Global Precipitation Climatology Centre (GPCC) (Offenbach, Germany, 10-12 July 1996) /
|c edited by R.G. Barry, T. Fuchs and B. Rudolf.
|
| 246 |
1 |
|
|i At head of title:
|a World Climate Research Programme
|
| 264 |
|
1 |
|a Geneva, Switzerland :
|b World Climate Research Programme,
|c 1997.
|
| 300 |
|
|
|a 127 pages, 18 unnumbered pages :
|b illustrations ;
|c 29 cm.
|
| 336 |
|
|
|a text
|b txt
|2 rdacontent
|
| 337 |
|
|
|a unmediated
|b n
|2 rdamedia
|
| 338 |
|
|
|a volume
|b nc
|2 rdacarrier
|
| 490 |
1 |
|
|a WCRP ;
|v 98
|
| 490 |
1 |
|
|a WMO/TD ;
|v no. 804
|
| 500 |
|
|
|a "Arctic Climate System Study, ACSYS"--Cover.
|
| 500 |
|
|
|a "February 1997."
|
| 504 |
|
|
|a Includes bibliographical references.
|
| 650 |
|
0 |
|a Precipitation (Meteorology)
|x Measurement
|x Congresses.
|
| 650 |
|
0 |
|a Climatology
|v Congresses.
|
| 700 |
1 |
|
|a Barry, Roger G.
|q (Roger Graham),
|d 1935-
|
| 700 |
1 |
|
|a Fuchs, T.
|q (Tobias)
|
| 700 |
1 |
|
|a Rudolf, B.
|q (Bruno)
|
| 710 |
2 |
|
|a World Climate Research Programme.
|
| 710 |
2 |
|
|a Arctic Precipitation Data Archive.
|
| 710 |
2 |
|
|a Global Precipitation Climatology Centre.
|
| 710 |
2 |
|
|a Arctic Climate System Study.
|
| 830 |
|
0 |
|a WCRP (Series) ;
|v 98.
|
| 830 |
|
0 |
|a WMO/TD ;
|v no. 804.
|
| 999 |
|
|
|a MARS
|
| 999 |
f |
f |
|s 063d4ce7-2e02-3244-b6a0-465cd5c84a98
|i a6d676f0-6aa3-3e74-a2d5-80bdb07da75b
|t 0
|
| 952 |
f |
f |
|p ric
|a Texas A&M University
|b Rellis Campus
|c Joint Library Facility
|d Remote Storage
|t 0
|e QC851 .W164 no.98
|h Library of Congress classification
|i unmediated -- volume
|m A14821994716
|
| 998 |
f |
f |
|a QC851 .W164 no.98
|t 0
|l Remote Storage
|